Технологическое обеспечение эксплуатационных свойств деталей газотурбинных двигателей, работающих в условиях фреттинг-коррозии; Справочник. Инженерный журнал; № 7

Λεπτομέρειες βιβλιογραφικής εγγραφής
Parent link:Справочник. Инженерный журнал: научно-технический и производственный журнал.— , 2000-.— 0203-347X
№ 7.— 2003.— С. 62-64
Κύριος συγγραφέας: Любимов Р. В.
Άλλοι συγγραφείς: Семёнов А. Н.
Γλώσσα:Ρωσικά
Έκδοση: 2003
Σειρά:Инженерия поверхности
Θέματα:
Μορφή: Κεφάλαιο βιβλίου
KOHA link:https://koha.lib.tpu.ru/cgi-bin/koha/opac-detail.pl?biblionumber=387641

MARC

LEADER 00000naa2a2200000 4500
001 387641
005 20231101063632.0
035 |a (RuTPU)RU\TPU\prd\17452 
090 |a 387641 
100 |a 20030917a2003 k y0rusy50 ca 
101 0 |a rus 
102 |a RU 
200 1 |a Технологическое обеспечение эксплуатационных свойств деталей газотурбинных двигателей, работающих в условиях фреттинг-коррозии  |f Р. В. Любимов, А. Н. Семёнов 
225 1 |a Инженерия поверхности 
320 |a Библиогр.: 5 назв. 
461 1 |0 (RuTPU)RU\TPU\prd\1723  |x 0203-347X  |t Справочник. Инженерный журнал  |o научно-технический и производственный журнал  |d 2000- 
463 1 |0 (RuTPU)RU\TPU\prd\16427  |t № 7  |v С. 62-64  |d 2003 
610 1 |a свойства деталей 
610 1 |a детали 
610 1 |a эксплуатационные свойства 
610 1 |a газотурбинные двигатели 
610 1 |a фреттинг-коррозия 
610 1 |a износостойкость 
610 1 |a вибрация 
610 1 |a упрочнение поверхности 
675 |a 621.81  |v 3 
700 1 |a Любимов  |b Р. В. 
701 1 |a Семёнов  |b А. Н. 
801 1 |a RU  |b 63413507  |c 20030917  |g PSBO 
801 2 |a RU  |b 63413507  |c 20140116  |g RCR 
942 |c BK